| 000 | 00576nam a2200241Ia 4500 | ||
|---|---|---|---|
| 008 | 210210b2010 xxu||||| |||| 00| 0 eng d | ||
| 020 | _a9780070706521 | ||
| 041 | _aeng | ||
| 082 | _a001.64404 FORT | ||
| 100 | _aFOROUZAN (Behrouz A) | ||
| 245 | _aTCP/IP: protocol suite Ed 4 | ||
| 250 | _a | ||
| 260 |
_aNew Delhi _bMcGraw Hill Education (India) Private Limited _c2010 |
||
| 300 | _axxxv,979+4 | ||
| 650 | _aTCP | ||
| 650 | _asuite | ||
| 650 | _aprotocol | ||
| 650 | _aEd | ||
| 650 | _a4 | ||
| 650 | _a/IP: | ||
| 690 | _aComputer Networks | ||
| 906 | _a071693 | ||
| 999 |
_c121442 _d121442 |
||